Código Financiero del Distrito Federal y disposiciones complementarias /

Uloženo v:
Podrobná bibliografie
Korporativní autor: México (D.F.)
Médium: Kniha
Jazyk:španělština
Vydáno: México : Porrúa, 1997, c1997
Vydání:2a edición
Edice:(Leyes y Códigos de México)
Témata:
Tagy: Přidat tag
Žádné tagy, Buďte první, kdo vytvoří štítek k tomuto záznamu!

MARC

LEADER 00000nam^a2200000^a^4500
001 000090627
005 20250521000000.0
009 20260310092616.796
020 |a 970-07-1049-1 
037 |a Acervo ITESO - Biblioteca 
041 |a ESP 
082 |a 346. 7253081  |b MEX 1997 
110 |a México (D.F.) 
240 1 1 |a [Código Financiero del Distrito Federal] 
245 1 0 |a Código Financiero del Distrito Federal y disposiciones complementarias / 
250 |a 2a edición 
264 4 |a México :  |b Porrúa,  |c 1997, c1997 
300 |a 386 p. 
336 |a texto  |b txt  |2 rdacontenido 
337 |a sin mediación  |b n  |2 rdamedio 
338 |a volumen  |b nc  |2 rdasoporte 
440 1 |a (Leyes y Códigos de México) 
649 |a XX 
650 |a Presupuesto Público -  |z México (D.F.) -  |y Leyes y Reglamentos 
650 |a Derecho Financiero -  |z México (D.F.) -  |x Leyes y Reglamentos -  |x Tema Principal 
650 |a Derecho Fiscal -  |z México (D.F.) -  |x Leyes y Reglamentos 
650 |a Derecho Administrativo -  |z México (Estado) -  |x Leyes y Reglamentos 
650 |a Derecho Público -  |z México -  |x Leyes y Reglamentos 
910 |a Fondo General 
920 |a Impresos - Libros 
930 |a Colección General 
905 |a 101 
901 |a 0500025683  |b IT1  |c ACC  |u 20250521 
902 |a https://opac.biblio.iteso.mx/vufind/Record/000090627